| 000 | 00496pab a2200169 454500 | ||
|---|---|---|---|
| 008 | 180718b1997 xxu||||| |||| 00| 0 eng d | ||
| 100 | _aWilding, Paul | ||
| 245 | _aSocial policy and social development in Hong Kong | ||
| 260 | _c1997 | ||
| 300 | _ap.244-75 | ||
| 362 | _aDec | ||
| 650 | _aHong Kong - Social policy | ||
| 650 | _aEconomic and social development - Hong Kong | ||
| 650 | _aEconomic and social development | ||
| 773 | _aAsian Journal of Public Administration | ||
| 909 | _a39275 | ||
| 999 |
_c39275 _d39275 |
||